LEADER 05511nam 22006255 450 001 9910511697703321 005 20220121024820.0 010 $a3-95487-636-1 024 7 $a10.31819/9783954876365 035 $a(CKB)4100000007544694 035 $a(MiAaPQ)EBC5635177 035 $a(DE-B1597)517200 035 $a(OCoLC)1088908562 035 $a(DE-B1597)9783954876365 035 $a(MiAaPQ)EBC6275930 035 $a(Au-PeEL)EBL6275930 035 $a(OCoLC)1156760989 035 $a(EXLCZ)994100000007544694 100 $a20191126d2017 fg 0 101 0 $aspa 135 $aurcnu|||||||| 181 $2rdacontent 182 $2rdamedia 183 $2rdacarrier 200 00$aEl otro colonialismo $eEspaña y África, entre imaginación e historia /$fChristian von Tschilschke, Jan-Henrik Witthaus 210 1$aFrankfurt am Main :$cVervuert Verlagsgesellschaft,$d[2017] 210 4$d©2017 215 $a1 online resource (458 pa?ginas) $cilustraciones 225 0 $aEdiciones de Iberoamericana ;$v95 311 0 $a84-16922-35-7 311 0 $a84-16922-35-7 327 $tFront matter --$tÍndice --$tIntroducción: el otro colonialismo /$rTschilschke, Christian von / Witthaus, Jan-Henrik --$tAlí Bey el-Abbassi: un catalán en África al comienzo del siglo XIX /$rJacobs, Helmut C. --$tLos tesoros escondidos de al-Ándalus y la España alternativa de Blanco White /$rTorrecilla, Jesús --$tOriente desorientador: "Una conversación en la Alhambra" (1859) de Pedro Antonio de Alarcón /$rSevilla, Fabián --$t"¡Pátria, ja tornas á tenir historia!" La influencia de la Guerra de África sobre el desarrollo de la identidad catalana /$rKühne, Ina --$tMás allá del Ebro, ¿los salvajes? La "España africana" como impulso del regeneracionismo catalán hacia 1900 /$rLang, Stephanie --$tDel lugar infeccioso a la invasión de microbios: fantasmas coloniales entre geografía médica y bacteriología /$rWeiser, Jutta --$tLa crisis de la masculinidad como crítica al colonialismo en Aita Tettauen (1905) de Benito Pérez Galdós /$rTschilschke, Christian von --$tSobre el Rogui Bu Hamara y el colonialismo español antes del Protectorado (1902-1909) /$rGonzález Alcantud, José Antonio --$tStephanie Fleischmann El cronotopo fracturado en la literatura de la Guerra del Rif (1921-1927). La narración de espacio y tiempo entre la tradición imaginaria y la experiencia de lo absurdo /$rFleischmann, Stephanie --$tEl "paisaje de guerra" marroquí en Imán (1930) de Ramón J. Sender /$rSchmelzer, Dagmar --$t"El violento contraste entre dos civilizaciones". Ambigüedades del discurso africano en La pared de tela de araña (1924) de Tomás Borrás /$rAlbert, Mechthild --$t¿Aixa en su huerta y "África a sus pies"? Masculinidad española, ridícula e impotente, y feminidad "mora", risueña y triunfante en El blocao (1928) de José Díaz Fernández. Orientalismo y estructura narrativa /$rGrünnagel, Christian --$tLa colonización de África a través de la imagen. El Pabellón de Marruecos en la Exposición Iberoamericana de Sevilla (1929) /$rMalkowska, Maria --$t"Tres años de Sáhara": escribir sobre el internamiento en los campos norteafricanos tras la Guerra Civil española /$rNickel, Claudia --$tLa mirada cinematográfica sobre Marruecos desde la Guerra Civil española /$rJaeckel, Volker --$tPropaganda fallida, militancia minada: África y el cine documental hegemónico y disidente durante el régimen de Franco /$rMartin-Márquez, Susan --$tLa descolonización del Sáhara Occidental /$rBernecker, Walther L. --$tDe cómo el sueño deriva en pesadilla: Marruecos en el pasado y en el presente de Lorenzo Silva /$rPeñate Rivero, Julio --$tRepresentaciones de África: la inmigración clandestina en el cine español /$rRichter, Elke --$tUn punto de encuentro hasta ahora ignorado: de la diferencia determinante entre las modalidades de espacios musulmanes construidos en la narrativa contemporánea y en los estudios sociológicos de España /$rSchmitz, Sabine --$tSobre los autores 330 $aEste volumen aborda el tema de la representación de África del Norte desde la perspectiva de los estudios culturales, poniendo especial énfasis en la cuestión del (neo)colonialismo. A través de textos literarios, historiográficos y audiovisuales, se ofrece una profunda reconsideración de la compleja relación histórico-cultural entre España y África desde finales del siglo XVIII hasta el presente inmediato. 410 0$aEdiciones de Iberoamericana ;$v95. 606 $aColonies in literature$vCongresses 606 $aNorth Africans in literature$vCongresses 606 $aSpaniards$zAfrica, Northwest$xHistory$vCongresses 606 $aSpanish literature$y19th century$xThemes, motives$vCongresses 606 $aSpanish literature$y20th century$xThemes, motives$vCongresses 607 $aSpain$xHistory 607 $aAfrica$xHistory 615 0$aColonies in literature 615 0$aNorth Africans in literature 615 0$aSpaniards$xHistory 615 0$aSpanish literature$xThemes, motives 615 0$aSpanish literature$xThemes, motives 676 $a303.48246061 702 $aTschilschke$b Christian von$4edt$4http://id.loc.gov/vocabulary/relators/edt 702 $aWitthaus$b Jan-Henrik$4edt$4http://id.loc.gov/vocabulary/relators/edt 801 0$bDE-B1597 801 1$bDE-B1597 906 $aBOOK 912 $a9910511697703321 996 $aEl otro colonialismo$92548253 997 $aUNINA LEADER 05912nam 22008053u 450 001 9910144101903321 005 20210106225942.0 010 $a3-527-66007-0 010 $a1-281-94724-5 010 $a9786611947248 010 $a3-527-62340-X 010 $a3-527-62341-8 035 $a(CKB)1000000000553382 035 $a(EBL)481349 035 $a(OCoLC)283807128 035 $a(SSID)ssj0000750424 035 $a(PQKBManifestationID)11425556 035 $a(PQKBTitleCode)TC0000750424 035 $a(PQKBWorkID)10749138 035 $a(PQKB)11727955 035 $a(WaSeSS)Ind00046466 035 $a(MiAaPQ)EBC481349 035 $a(EXLCZ)991000000000553382 100 $a20131230d2008|||| u|| | 101 0 $ager 135 $aur|n|---||||| 181 $ctxt 182 $cc 183 $acr 200 10$aExplosivstoffe$b[electronic resource] $eZehnte, vollstandig uberarbeitete Auflage 205 $aZehnte, u?berarbeitete und erweiterte Aufl. 210 $aHoboken $cWiley$d2008 215 $a1 online resource (447 p.) 300 $aDescription based upon print version of record. 311 $a3-527-32009-1 320 $aIncludes bibliographical references. 327 $aExplosivstoffe; Vorwort zur zehnten Auflage; A; Abbrandgeschwindigkeit; Abel-Test; Acetonperoxid; Acetyldinitroglycerin; Airbag; Akardit I; Akardit III; Akremit; Ammonale; Ammongelite 2 und 3; Ammoniumazid; Ammoniumchlorid; Ammoniumdinitramid; Ammoniumperchlorat; Ammoniumpikrat; Ammonsalpeter; Ammonsalpeter-Sprengstoffe (Ammoniumnitrat-Sprengstoffe); Amorces; Anlaufstrecke; Anzu?nden; Arbeitsvermo?gen; ASTM; Astrolite; Ausstro?mgeschwindigkeit; Azide; B; Ballistische Bombe; Ballistischer Mo?rser; Bariumchlorat; Bergbau-Sprengstoffe; Bergmann-Junk-Test 327 $aBezug von Explosivstoffen, Sprengzubeho?r und von pyrotechnischen Gegensta?ndenB.I.C.T.; Bildungsenergie, Bildungsenthalpie; Blasting agents; Bleiazid; Bleiblockausbauchung; Bleinitrat; Bleitrinitroresorcinat, Bleistyphnat; Brennkammer; Brennschluß; Brisanz; Bru?ckenzu?nder; 1,2,4-Butantrioltrinitrat; C; Calciumnitrat; Campher; Centralit I; Centralit II; Composition B, B-2; Composition C, C-2, C-3 und C-4; Cyclotol; Cyclonite; D; Dautriche-Methode; DBX; Delaborieren von explosiven Gegensta?nden, insbesondere Munition; Detonation; Hydrodynamische Theorie der Detonation; Detonationsgeschwindigkeit 327 $aDetonationsu?bertragungDetonationswa?rme; Diazodinitrophenol; Dibutylphthalat; Diglykoldinitrat; Dimethylhydrazin; Dingu und Sorguyl; 4,6-Dinitrobenzofuroxan; m-Dinitrobenzol; Dinitrochlorbenzol; Dinitrochlorhydrin; Dinitrodimethyloxamid; Dinitrodimethyloxamid; Dinitrodiphenylamin, NDPA; Dinitroformin; Dinitroglycerinnitrolactat; 1,5- und 1,8-Dinitronaphthalin; Dinitrophenylglycerinetherdinitrat; Dinitrophenylglykolethernitrat; 1,4-Dinitrosobenzol; Dinitrotoluol; Dioxyethylnitramindinitrat; Dipentaerythrithexanitrat; Diphenylamin; Diphenylurethan; Di-(2,2,2-trinitroethyl)-nitramin 327 $aDonarit 1 und Donarit 4Dynacord; Dynamite; E; Einschluß; Eisen-Acetylacetonat; Emulsionssprengstoffe; Energetische Binder; Eprouvette; Erosiver Abbrand; Ethylendiamindinitrat; Ethylendinitramin; Ethylphenylurethan; Ethyltetryl; Explosionsfa?higer Stoff; Explosionsgefa?hrlicher Stoff; Explosionswa?rme; F; FAE - Fuel Air Explosives, Brennstoff-Luft Sprengstoffe,Druckwellensprengstoffe; Ferrocen; Feststoff-Raketen; Feuerwerkssa?tze; Feuerwerkspulver; Flu?ssig-Luft-Sprengstoffe; Flu?ssig-Treibstoff-Raketen; G; Gefahrgutverordnungen; Gefrieren von Nitroglycerinsprengstoffen; Gelamon 22, 30 und 40 327 $aGeosit 3Gesteinssprengstoffe; Glycidylazidpolymer; Graphit; Guanidinnitrat; Guanidinperchlorat; GUDN; Gurdynamit; H; HBX, HBX-I usw.; Heptryl; Hexamethylentetramindinitrat; Hexamethylentriperoxiddiamin; Hexanitrocarbanilid; Hexanitrodiphenyl; 2,4,6,2 ?,4 ?,6 ?-Hexanitrodiphenylamin; Hexanitrodiphenylaminoethylnitrat; 2,4,6,2 ?,4 ?,6 ?-Hexanitrodiphenyloxid; 2,4,6,2 ?,4 ?,6 ?-Hexanitrodiphenylsulfid; Hexanitroethan; Hexanitrohexaazaisowurtzitan; Hexanitrostilben; Hexogen; HMX; Hohlladung; Holland-Test; Hydan; Hydrazine; Hydrazinperchlorat (Hydraziniummonoperchlorat); Hypergole; I; Isocyanat 327 $aIsophorondiisocyanat 330 $aAus Rezensionen voriger Auflagen:Die zehnte Auflage dieses Nachschlagewerkes ist erneut erweitert und aktualisiert worden, das bewa?hrte Konzept wurde beibehalten.Der Textteil beschreibt ausfu?hrlich mehr als 550 Begriffe in alphabetischer Reihenfolge, darunter u?ber 120 mit Strukturformel und Daten versehene chemische Verbindungen mit Explosivcharakter.Zu fast jeder Verbindung werden die wichtigsten chemisch-physikalischen und sicherheitstechnischen Kenndaten aufgefu?hrt; die Gefahrgutregularien wurden gru?ndlich u?berarbeitet. Der Leser findet außerdem Angaben zu den Herste 606 $aBlasting -- Dictionaries -- Polyglot 606 $aExplosives -- Dictionaries -- German 606 $aExplosives -- Dictionaries 606 $aExplosives 606 $aChemical & Materials Engineering$2HILCC 606 $aEngineering & Applied Sciences$2HILCC 606 $aChemical Engineering$2HILCC 608 $aElectronic books. 615 4$aBlasting -- Dictionaries -- Polyglot. 615 4$aExplosives -- Dictionaries -- German. 615 4$aExplosives -- Dictionaries. 615 4$aExplosives. 615 7$aChemical & Materials Engineering 615 7$aEngineering & Applied Sciences 615 7$aChemical Engineering 676 $a662.2 676 $a662.203 700 $aKo?hler$b Josef$0569670 701 $aMeyer$b Rudolf$017225 701 $aHomburg$b Axel$0595059 801 0$bAU-PeEL 801 1$bAU-PeEL 801 2$bAU-PeEL 906 $aBOOK 912 $a9910144101903321 996 $aExplosivstoffe$91951453 997 $aUNINA